ARRUPE JESUIT UNIVERSITY

CORONAVIRUS -STOP THE SPREAD - CLEAN,DISINFECT,COVER

The warning of materialism (Record no. 6141)

MARC details
000 -LEADER
fixed length control field 00468nam a2200205Ia 4500
003 - CONTROL NUMBER IDENTIFIER
control field 0100
008 - FIXED-LENGTH DATA ELEMENTS--GENERAL INFORMATION
fixed length control field 130227s9999 xx 000 0 und d
040 ## - CATALOGING SOURCE
Transcribing agency ARRUPELIB
050 ## - LIBRARY OF CONGRESS CALL NUMBER
Classification number B825.W36 2000
100 ## - MAIN ENTRY--PERSONAL NAME
Personal name Koons, Robert C.
9 (RLIN) 34090
245 #4 - TITLE STATEMENT
Title The warning of materialism
260 ## - PUBLICATION, DISTRIBUTION, ETC. (IMPRINT)
Name of publisher, distributor, etc Oxford University Press
Place of publication, distribution, etc Oxford
Date of publication, distribution, etc 2010
300 ## - PHYSICAL DESCRIPTION
Extent xxxi
300 ## - PHYSICAL DESCRIPTION
Other physical details 490p. 24cm.
650 ## - SUBJECT ADDED ENTRY--TOPICAL TERM
Topical term following geographic name as entry element Fanakalo
9 (RLIN) 34091
650 ## - SUBJECT ADDED ENTRY--TOPICAL TERM
Location of event Kitchen Kaffir
9 (RLIN) 34092
942 ## - ADDED ENTRY ELEMENTS (KOHA)
Source of classification or shelving scheme Library of Congress Classification
Item type Monograph ( Printed materials)
Holdings
Withdrawn status Lost status Source of classification or shelving scheme Damaged status Not for loan Collection code Home library Current library Shelving location Date acquired Total Checkouts Full call number Barcode Date last seen Copy number Price effective from Koha item type
    Library of Congress Classification     Main Collection ARRUPE LIBRARY ARRUPE LIBRARY   27/02/2013   B825.W36 2000 46408460 27/02/2013 1 27/02/2013 Monograph ( Printed materials)

 

Arrupe Library. PO Box MP320 Mt Pleasant, Harare, Zimbabwe
263 242 745411|librarian@aju.ac.zw